<?xml version="1.0" encoding="UTF-8"?><?xml-stylesheet type="text/xsl" href="static/style.xsl"?><OAI-PMH xmlns="http://www.openarchives.org/OAI/2.0/" xmlns:xsi="http://www.w3.org/2001/XMLSchema-instance" xsi:schemaLocation="http://www.openarchives.org/OAI/2.0/ http://www.openarchives.org/OAI/2.0/OAI-PMH.xsd"><responseDate>2026-06-05T14:31:39Z</responseDate><request verb="GetRecord" identifier="oai:riuma.uma.es:10630/41110" metadataPrefix="marc">https://riuma.uma.es/rest/oai/request</request><GetRecord><record><header><identifier>oai:riuma.uma.es:10630/41110</identifier><datestamp>2026-02-03T11:34:25Z</datestamp><setSpec>com_10630_2254</setSpec><setSpec>col_10630_37953</setSpec></header><metadata><record xmlns="http://www.loc.gov/MARC21/slim" xmlns:dcterms="http://purl.org/dc/terms/" xmlns:doc="http://www.lyncode.com/xoai" xmlns:xsi="http://www.w3.org/2001/XMLSchema-instance" xsi:schemaLocation="http://www.loc.gov/MARC21/slim http://www.loc.gov/standards/marcxml/schema/MARC21slim.xsd">
   <leader>00925njm 22002777a 4500</leader>
   <datafield ind2=" " ind1=" " tag="042">
      <subfield code="a">dc</subfield>
   </datafield>
   <datafield ind2=" " ind1=" " tag="720">
      <subfield code="a">Pan, Xinya</subfield>
      <subfield code="e">author</subfield>
   </datafield>
   <datafield ind2=" " ind1=" " tag="720">
      <subfield code="a">Elsayed, Somayah S.</subfield>
      <subfield code="e">author</subfield>
   </datafield>
   <datafield ind2=" " ind1=" " tag="720">
      <subfield code="a">van Wezel, Gilles P.</subfield>
      <subfield code="e">author</subfield>
   </datafield>
   <datafield ind2=" " ind1=" " tag="720">
      <subfield code="a">Raaijmakers, Jos M.</subfield>
      <subfield code="e">author</subfield>
   </datafield>
   <datafield ind2=" " ind1=" " tag="720">
      <subfield code="a">Carrión, Víctor J.</subfield>
      <subfield code="e">author</subfield>
   </datafield>
   <datafield ind2=" " ind1=" " tag="260">
      <subfield code="c">2025</subfield>
   </datafield>
   <datafield ind2=" " ind1=" " tag="520">
      <subfield code="a">Endophytic microorganisms colonize internal plant tissues and enhance host resistance to pathogens. We previously showed that endophytic Flavobacterium sp. 98 (Fl98) protects sugar beet against the fungal root pathogen Rhizoctonia solani via biosynthetic gene cluster 298 (BGC298). However, the molecular mechanisms underlying this protection remained poorly understood. Here, comparative metabolomic analyses revealed that knockout of BGC298 led to reduced production of the antifungal compound 5,6-dimethylbenzimidazole (DMB) in Fl98. Wehypothesized that BGC298 is involved in regulating DMB biosynthesis and therefore contributes to Fl98’s disease&#xd;
suppression as a novel protective mechanism. Subsequent site-directed mutagenesis of the DMB-synthase gene bluB abolished DMB production by Fl98, and both ΔBGC298 and ΔbluB mutants were compromised in protecting sugar beet seedlings in greenhouse bioassays. Bioinformatic analyses further indicated that bluB is widespread across Flavobacterium, while BGC298 is limited to a small subset of plant-associated strains. Together, our findings highlight the pivotal role of BGC298 and DMB biosynthesis in plant protection by endophytic Flavobacterium sp. 98</subfield>
   </datafield>
   <datafield ind1="8" ind2=" " tag="024">
      <subfield code="a">Pan,S., Elsayed, S., van Wezel, G.P., Raaijmakers,J. M., Carrión,V.J.(2026). Disentangling the molecular mechanisms of disease suppression by endophytic Flavobacterium sp. 98. Microbiological Research, 304 (2026),128415.10.1016/j.micres.2025.128415.</subfield>
   </datafield>
   <datafield ind1="8" ind2=" " tag="024">
      <subfield code="a">https://hdl.handle.net/10630/41110</subfield>
   </datafield>
   <datafield ind1="8" ind2=" " tag="024">
      <subfield code="a">10.1016/j.micres.2025.128415.</subfield>
   </datafield>
   <datafield tag="653" ind2=" " ind1=" ">
      <subfield code="a">Flavobacterium</subfield>
   </datafield>
   <datafield tag="653" ind2=" " ind1=" ">
      <subfield code="a">Suelos supresivos</subfield>
   </datafield>
   <datafield tag="653" ind2=" " ind1=" ">
      <subfield code="a">Microbioma endofítico</subfield>
   </datafield>
   <datafield tag="653" ind2=" " ind1=" ">
      <subfield code="a">Benzimidazoles</subfield>
   </datafield>
   <datafield tag="653" ind2=" " ind1=" ">
      <subfield code="a">Genómica</subfield>
   </datafield>
   <datafield ind2="0" ind1="0" tag="245">
      <subfield code="a">Disentangling the molecular mechanisms of disease suppression by endophytic Flavobacterium sp. 98</subfield>
   </datafield>
</record>
</metadata></record></GetRecord></OAI-PMH>